000
00219nam a2200097Ia 4500
008
170619s9999 xx 000 0 und d
100
_a
Jain- S.D
245
0
_a
Engineering Physics
260
_b
University Press
260
_c
2012
546
_a
ENGLISH
999
_c
21117
_d
21117